An Indian pilgrim: (Record no. 18411)
[ view plain ]
| 000 -LEADER | |
|---|---|
| fixed length control field | 00804cam a2200229u 4500 |
| 001 - CONTROL NUMBER | |
| control field | 9396456 |
| 003 - CONTROL NUMBER IDENTIFIER | |
| control field | BDDh-ASL |
| 005 - DATE AND TIME OF LATEST TRANSACTION | |
| control field | 20231015025715.0 |
| 008 - FIXED-LENGTH DATA ELEMENTS--GENERAL INFORMATION | |
| fixed length control field | 820929s1965 enkchj 000 0aeng |
| 010 ## - LIBRARY OF CONGRESS CONTROL NUMBER | |
| LC control number | 65005400 |
| 040 ## - CATALOGING SOURCE | |
| Original cataloging agency | DLC |
| Transcribing agency | CarP |
| Modifying agency | BDDh-ASL |
| 050 00 - LIBRARY OF CONGRESS CALL NUMBER | |
| Classification number | DS481.B6 |
| Item number | A3 1965 |
| 082 ## - DEWEY DECIMAL CLASSIFICATION NUMBER | |
| Classification number | 923.25403 |
| Item number | BOA |
| 100 1# - MAIN ENTRY--PERSONAL NAME | |
| Personal name | Bose, Subhas Chandra, |
| Dates associated with a name | 1897-1945. |
| 245 13 - TITLE STATEMENT | |
| Title | An Indian pilgrim: |
| Remainder of title | an unfinished autobiography, and collected letters, 1897-1921/ |
| Statement of responsibility, etc. | by Subhas Chandra Bose. |
| 260 ## - PUBLICATION, DISTRIBUTION, ETC. | |
| Place of publication, distribution, etc. | London: |
| Name of publisher, distributor, etc. | Asia Pub. House |
| Date of publication, distribution, etc. | 1965. |
| 300 ## - PHYSICAL DESCRIPTION | |
| Extent | viii, 199 p.: |
| Other physical details | facsims., geneal. tables, port. ; |
| Dimensions | 23 cm. |
| 500 ## - GENERAL NOTE | |
| General note | Includes index. |
| 600 10 - SUBJECT ADDED ENTRY--PERSONAL NAME | |
| 9 (RLIN) | 1245 |
| Personal name | Bose, Subhas Chandra |
| General subdivision | autobiography |
| -- | collected letters |
| Geographic subdivision | India |
| 906 ## - LOCAL DATA ELEMENT F, LDF (RLIN) | |
| a | 0 |
| b | cbc |
| c | premunv |
| d | u |
| e | ncip |
| f | 19 |
| g | y-gencatlg |
| 942 ## - ADDED ENTRY ELEMENTS (KOHA) | |
| Source of classification or shelving scheme | Dewey Decimal Classification |
| Koha item type | Books |
| Withdrawn status | Lost status | Source of classification or shelving scheme | Damaged status | Not for loan | Collection code | Home library | Current library | Shelving location | Date acquired | Source of acquisition | Total Checkouts | Full call number | Barcode | Date last seen | Copy number | Price effective from | Koha item type | Public note |
|---|---|---|---|---|---|---|---|---|---|---|---|---|---|---|---|---|---|---|
| Dewey Decimal Classification | Not For Loan | Non-fiction | Asiatic Society Library | Asiatic Society Library | Harrison Collection | 09/29/2020 | Donated by Prof. John B. Harrison | 923.25403 BOA | 101597 | 09/29/2020 | C-1 | 09/29/2020 | Books | RARE |